المال والهلال: (Record no. 12422)
[ view plain ]
| 000 -الفاتح | |
|---|---|
| حقل البيانات ثابتة الطول | 00968nam a22002057a 4500 |
| 008 - عناصر البيانات ثابتة الطول - معلومات عامة | |
| حقل البيانات ثابتة الطول | 090727t xxu||||| |||| 00| 0 ara d |
| 020 ## - الرقم الدولى المعيارى للكتب | |
| الرقم الدولى المعيارى للكتاب | 1855165988 |
| 082 ## - رقم تصنيف ديوى العشرى | |
| رقم الطبعة | 22 |
| رقم التصنيف | 297.273 |
| رقم المادة | ن ا ب |
| 100 1# - المدخل الرئيسى - إسم شخصى | |
| 9 (RLIN) | 8139 |
| الإسم الشخصى | النابلسى ، شاكر |
| 245 12 - بيان العنوان | |
| العنوان | المال والهلال: |
| بقية العنوان | الموانع والدوافع الاقتصادية لظهور الاسلام/ |
| بيان المسئوليه,etc | شاكر النابلسى |
| 250 ## - بيان الطبعة | |
| بيان الطبعة | ط 1. |
| 260 ## - PUBLICATION, DISTRIBUTION, ETC. (IMPRINT) | |
| مكان الناشر او الموزع | بيروت: |
| اسم الناشر او الموزع | دار الساقى ، |
| تاريخ النشر أو التوزيع | 2002 |
| 300 ## - الوصف المادى | |
| التعداد | 208 ص؛ |
| أبعاد الوعاء | 24 سم |
| 500 ## - تبصرة عامة | |
| تبصرة عامة | يشتمل على كشافات |
| 504 ## - تبصرة ببليوجرافية | |
| تبصرة ببليوجرافية,الخ | يشتمل على ارجاعات ببليوجرافية ( ص 185- 191 |
| 651 ## - المدخل الاضافى بالموضوع - اسم جغرافى | |
| 9 (RLIN) | 8137 |
| الاسم الجغرافي | لبنان |
| التقسيم الفرعي العام | الحياة الفكرية |
| 651 ## - المدخل الاضافى بالموضوع - اسم جغرافى | |
| 9 (RLIN) | 8138 |
| الاسم الجغرافي | لبنان |
| التقسيم الفرعي العام | الاحوال الاجتماعية |
| 942 ## - عناصر المدخل الإضافي( كوها) | |
| مصدر التصنيف او مخطط الترفيف | Dewey Decimal Classification |
| Koha [default] item type | Book - Borrowing |
| حالة التراجع | حالة الفقد | مصدر التصنيف او خطة الترفيف | حالة تلف | ليس للاعارة | مجموعات كوها | المكان الدائم | المكان الحالي | موقع الترفيف | تاريخ الاكتساب | سعر الشراء الطبيعي | تعداد مسلسل / التسلسل الزمني | رقم الاستدعاء | الباركود | Date last seen | نوع الوعاء |
|---|---|---|---|---|---|---|---|---|---|---|---|---|---|---|---|
| Dewey Decimal Classification | الساقي | Central Library | Central Library | Lower Floor | 27/07/2009 | 44.00 | 1 | 297.273 الن | 000017613 | 15/07/2025 | Book - Borrowing |